000 00506nab a2200157Ia 4500
003 ES-SlBCS
005 20210601124321.0
008 140529s1990 xxu||||| |||| 00| 0 eng d
041 _aeng
100 1 _aLeach, Mary S.
_9139649
245 0 0 _aCrossing the Boundaries: Educational Thought and Gender Equity
_c Mary S. Leach, Bronwyn Davies
650 0 4 _aEducación
_986687
700 1 _aDavies, Bronwyn
_9139650
773 0 _tEducational Theory
_gvol. 40, nº. 3, 1990, págs. 321-332
_wRev1399
942 _cAR
999 _c512836
_d512836